000 01142cam a22003253a 4500
001 0000768
003 DO-SdBPM
005 20260518085314.0
007 ta
008 8611121998 cl a 000 0 spa d
010 _a
020 _a9583005177
040 _a DO-SdBPM
_cspa
_dBPMSU
_d
082 4 _aCo863.7
_bR763J 1979
_2 22
100 1 _aRomero Rey, Sandro,
_d1959-
_eautor
_4aut.
245 1 0 _aJulio Garavito :
_bde Colombia a la luna /
_cSandro Romero Rey ; ilustraciones Claudia García ; fotografía Paola Velásquez.
264 _aSanta Fe de Bogotá, Colombia :
_bColciencias, Panamericana Editorial,
_c1998.
300 _a76 páginas :
_bilustrasción ;
_c28 cm.
336 _atexto
_btxt
_2rdacontent
337 _asin mediación
_bn
_2rdamedia
338 _avolumen
_bnc
_2rdacarrier
490 0 _aVidas ilustres,
_v2
590 _aInventariado, 2026/VM
600 1 7 _aGaravito Armero, Julio,
_d1865-1920.
650 7 _aCuentos juveniles colombianos
_2
650 7 _aEstudiantes
_vCuentos.
700 1 _aGarcía, Claudia
_eilustración
910 _aVMateo V. Control de calidad. BPMSU
942 _2ddc
_cBK
999 _c15847
_d15847